Statistiques concernant Albums solo BTS

Cliquez ici pour prendre le quiz!

Statistiques générales

  • Ce quiz a été pris 167 fois
  • Le résultat moyen est 9 sur 11

Statistiques - réponses

Réponse% Correct
Golden
96%
Face
90%
D-2
88%
D-Day
88%
Agust D
87%
Hope World
81%
The Astronaut
81%
Layover
78%
Jack In the Box
76%
Indigo
72%
Mono
58%

Distribution des résultats

Percentile par nombre de réponses

% des personnes avec chaque résultat

Votre développement - résultats

Vous n’avez pas pris ce quiz